Animaux Aléatoires par Image - Statistiques

Statistiques générales
  • Ce quiz a été pris 167 fois
  • Le résultat moyen est 9 sur 15
Statistiques - réponses
Par images Réponse % Correct
Bison d'Amérique du Nord
100%
Blaireau européen
100%
Buffle d'Afrique
100%
Castor du Canada
100%
Cerf élaphe
100%
Chat européen
100%
Chauve-souris
100%
Chouette hulotte
100%
Cygne
100%
Dauphin commun
100%
Dromadaire
100%
Eléphant d'Afrique
100%
Girafe
100%
Gorille de l'Ouest
100%
Grand requin marteau
100%
Hippopotame commun
100%
Hyène tachetée
100%
Kangourou
100%
Lion d'Afrique
100%
Lynx
100%
Orque
100%
Panda géant
100%
Panda roux
100%
Raton laveur
100%
Renard roux
100%
Rhinocéros
100%
Sanglier
100%
Taupe
100%
Tigre
100%
Tortue d'Hermann
100%
Chameau
94%
Lièvre d'Europe
93%
Lapin de garenne
92%
Zèbre de Burchell
92%
Canard colvert sauvage
91%
Toucan
91%
Koala
89%
Chimpanzé
88%
Fennec
88%
Guépard
88%
Tamanoir/Fourmilier
88%
Tapir malais
88%
Lama
87%
Elan
86%
Flamant rose
86%
Loutre d'Europe
86%
Paon bleu
86%
Alpaga
83%
Goéland argenté
83%
Grand cachalot
83%
Ornithorynque
83%
Pigeon ramier
82%
Belette d'Europe
80%
Caribou
80%
Cigogne blanche
80%
Grand requin blanc
80%
Hérisson commun
80%
Kiwi austral
80%
Loup gris
80%
Morse
80%
Suricate
80%
Ara bleu
78%
Autruche d'Afrique
78%
Buse variable
78%
Furet
78%
Narval
78%
Léopard
77%
Daim
73%
Marmotte des Alpes
73%
Casoar à casque
71%
Grizzly
71%
Ragondin
71%
Ouistiti à toupets blancs
69%
Orang-outan Sumatra
67%
Ours brun
67%
Porc-épic à crête
67%
Puma
67%
Baleine bleue
63%
Hermine
63%
Otarie de Kerguelen
63%
Faucon pèlerin
62%
Martin pêcheur
62%
Boa constricteur
60%
Capybara
58%
Jaguar
58%
Bouquetin d'Abyssinie
57%
Chamois
57%
Fouine
57%
Perruche ondulée
57%
Coyote
56%
Faisan de Colchide
56%
Lamantin des Caraïbes
56%
Ocelot
56%
Anaconda géant
50%
Bonobo
50%
Chevreuil
50%
Dragon de Komodo
50%
Gibbon agile
50%
Manchot empereur
50%
Mésange noire
50%
Pangolin géant
50%
Grue cendrée
45%
Chacal à chabraque
44%
Emeu d'Australie
44%
Gazelle à goitre
44%
Ibis sacré
44%
Diable de Tasmanie
40%
Babouin Chacma
38%
Eléphant de mer
38%
Grande aigrette/Héron blanc
38%
Maki catta
36%
Mulot sylvestre
36%
Wapiti
33%
Aigle royal
30%
Alouette des champs
29%
Hamster d'Europe
29%
Fossa
27%
Hirondelle rustique
27%
Macaque
27%
Alligator d'Amérique
25%
Dingo
25%
Putois d'Europe
25%
Caracal
23%
Antilope Saïga
22%
Coucou gris
20%
Bergeronnette grise
17%
Vison d'Europe
14%
Aigrette Garzette
13%
Campagnol des champs
13%
Dik-dik de Salt
13%
Wallaby de Benett
13%
Babiroussa
11%
Bouvreuil pivoinne
11%
Ecureuil roux
10%
Beira
0%
Bernache du Canada
0%
Bongo
0%
Bruant jaune
0%
Capucin
0%
Céphalophe zébré
0%
Chèvre des montagnes Rocheuses
0%
Chien des buissons
0%
Civette africaine
0%
Corneille noire
0%
Douc
0%
Drill
0%
Dugong
0%
Entelle
0%
Foulque macroule
0%
Gaur/Gayal
0%
Glouton (carcajou)
0%
Goral à longue queue
0%
Grosbec casse-noyaux
0%
Rat musqué
0%
Aucun quiz correspondant
Distribution des résultats
% des personnes avec chaque résultat
Percentile par nombre de réponses
Votre historique - résultats
Vous n’avez pas pris ce quiz